ICSub/NAM/C (Record no. 114873)

MARC details
000 -LEADER
fixed length control field 01331cam a2200277 4500
001 - CONTROL NUMBER
control field L157618
008 - FIXED-LENGTH DATA ELEMENTS--GENERAL INFORMATION
fixed length control field 050825n2009 000 0 eng u
020 ## - INTERNATIONAL STANDARD BOOK NUMBER
International Standard Book Number 9780414040090
035 ## - SYSTEM CONTROL NUMBER
System control number (Sirsi) u157618
041 0# - LANGUAGE CODE
Language code of text/sound track or separate title eng
050 04 - LIBRARY OF CONGRESS CALL NUMBER
Classification number 692.8 $2 18
110 2# - MAIN ENTRY--CORPORATE NAME
Corporate name or jurisdiction name as entry element Joint Contracts Tribunal
9 (RLIN) 3664
245 00 - TITLE STATEMENT
Title ICSub/NAM/C
Remainder of title Intermediate Named Sub-Contract Conditions 2005, revision 2 2009
260 ## - PUBLICATION, DISTRIBUTION, ETC.
Place of publication, distribution, etc. London
Name of publisher, distributor, etc. Sweet and Maxwell
Date of publication, distribution, etc. 2009
300 ## - PHYSICAL DESCRIPTION
Extent iv, 57p.
Dimensions 30cm.
350 ## - PRICE (NR) (BK AM CF MU VM SE) [OBSOLETE]
Price 48.06
490 #0 - SERIES STATEMENT
Series statement JCT Intermediate Named Subcontract Conditions (2005 Edition)
520 ## - SUMMARY, ETC.
Summary, etc. Appropriate for use with the JCT Intermediate Building Contract (2005 Edition) or JCT Intermediate Building Contract with Contractor's Design (2005 Edition) where the subcontractor is named in the main contract. The contract is not suitable for any subcontract work that the forms part of the contractors designed portion.
650 24 - SUBJECT ADDED ENTRY--TOPICAL TERM
Topical term or geographic name entry element JCT INTERMEDIATE NAMED SUBCONTRACT CONDITIONS (2005 EDITION)
650 24 - SUBJECT ADDED ENTRY--TOPICAL TERM
Topical term or geographic name entry element JCT INTERMEDIATE BUILDING CONTRACT (2005 EDITION)
650 24 - SUBJECT ADDED ENTRY--TOPICAL TERM
Topical term or geographic name entry element JCT INTERMEDIATE BUILDING CONTRACT WITH CONTRACTOR'S DESIGN (2005 EDITION)
651 #4 - SUBJECT ADDED ENTRY--GEOGRAPHIC NAME
Geographic name United Kingdom
Chronological subdivision
690 ## - LOCAL SUBJECT ADDED ENTRY--TOPICAL TERM (OCLC, RLIN)
Topical term or geographic name as entry element BUILT ENVIRONMENT-BUILDING CONTRACT FORMS-STANDARD FORMS OF BUILDING CONTRACT-JOINT CONTRACTS TRIBUNAL CONTRACTS
942 ## - ADDED ENTRY ELEMENTS (KOHA)
Suppress in OPAC 0
Holdings
Withdrawn status Lost status Source of classification or shelving scheme Damaged status Not for loan Home library Current library Shelving location Date acquired Total Checkouts Full call number Barcode Date last seen Copy number Price effective from Koha item type
    Dewey Decimal Classification     London London Books 04/02/2013   JCT 2009/07 30078683 06/08/2019 1 06/08/2019 Book